[Event "Muensterland Verbandsklasse-A 0405"]
[Site "Muensterland"]
[Date "2005.02.12"]
[Round "6.4"]
[White "Overesch, Andre"]
[Black "Hoge, Torsten"]
[Result "1/2-1/2"]
[WhiteElo "1801"]
[BlackElo "1969"]
[PlyCount "47"]
[EventDate "2004.09.11"]
[EventType "team"]
[EventRounds "9"]
[EventCountry "GER"]
[SourceTitle "EXT 2006"]
[Source "ChessBase"]
[SourceDate "2005.11.24"]
[SourceVersion "1"]
[SourceVersionDate "2005.11.24"]
[SourceQuality "1"]
[WhiteTeam "Nordwalde"]
[BlackTeam "Gronau"]
[WhiteTeamCountry "GER"]
[BlackTeamCountry "GER"]

1. d4 Nf6 2. c4 e6 3. g3 Bb4+ 4. Bd2 Qe7 5. Bg2 0-0 6. Nf3 Nc6 7. 0-0 Bxd2 8. Qxd2 d6 9. Nc3 e5 10. e4 Bg4 11. d5 Nb8 12. Ne1 a5 13. Nd3 Na6 14. f4 exf4 15. gxf4 Nd7 16. Rae1 Qh4 17. Re3 Rfe8 18. Qf2 Qxf2+ 19. Nxf2 Bh5 20. Rh3 g6 21. Rg3 Re7 22. Bh3 Ndc5 23. a3 f6 24. Re1 1/2-1/2

[Event "Muensterland Verbandsklasse-A 0405"]
[Site "Muensterland"]
[Date "2005.01.22"]
[Round "5.4"]
[White "Hoge, Torsten"]
[Black "Loges, Wilhelm"]
[Result "1/2-1/2"]
[WhiteElo "1969"]
[BlackElo "1789"]
[PlyCount "84"]
[EventDate "2004.09.11"]
[EventType "team"]
[EventRounds "9"]
[EventCountry "GER"]
[SourceTitle "EXT 2006"]
[Source "ChessBase"]
[SourceDate "2005.11.24"]
[SourceVersion "1"]
[SourceVersionDate "2005.11.24"]
[SourceQuality "1"]
[WhiteTeam "Gronau"]
[BlackTeam "Emsdetten Turm III"]
[WhiteTeamCountry "GER"]
[BlackTeamCountry "GER"]

1. e4 c5 2. Nf3 Nc6 3. d4 cxd4 4. Nxd4 e5 5. Nb5 d6 6. c4 a6 7. N5a3 Be6 8. Bd3 Rc8 9. 0-0 Be7 10. Nc2 Nf6 11. Bg5 0-0 12. Nba3 Nd7 13. Bxe7 Qxe7 14. Ne3 Nd4 15. b3 Nb6 16. Nac2 Nxc2 17. Bxc2 g6 18. Qd3 f5 19. f4 fxe4 20. Qxe4 Bf5 21. Nxf5 gxf5 22. Qe3 Nd5 23. Qg3+ Qg7 24. Qxg7+ Kxg7 25. Rae1 Nb4 26. Bb1 e4 27. g4 Nd3 28. Re3 fxg4 29. Rxe4 Nc5 30. Re7+ Rf7 31. Rxf7+ Kxf7 32. Bxh7 Kf6 33. Kg2 Rh8 34. Bc2 Ne6 35. Bd1 Rg8 36. Kg3 Nd4 37. Kf2 Kf5 38. Ke3 Ne6 39. Bc2+ Kf6 40. Rg1 Rh8 41. Rxg4 Rxh2 42. Bb1 Rb2 1/2-1/2

[Event "Muensterland Verbandsklasse-A 0405"]
[Site "Muensterland"]
[Date "2004.11.27"]
[Round "4.4"]
[White "Kluczka, Konrad"]
[Black "Hoge, Torsten"]
[Result "1/2-1/2"]
[WhiteElo "1869"]
[BlackElo "1969"]
[PlyCount "74"]
[EventDate "2004.09.11"]
[EventType "team"]
[EventRounds "9"]
[EventCountry "GER"]
[SourceTitle "EXT 2006"]
[Source "ChessBase"]
[SourceDate "2005.11.24"]
[SourceVersion "1"]
[SourceVersionDate "2005.11.24"]
[SourceQuality "1"]
[WhiteTeam "Nienberge"]
[BlackTeam "Gronau"]
[WhiteTeamCountry "GER"]
[BlackTeamCountry "GER"]

1. e4 e6 2. d4 d5 3. Nc3 Bb4 4. Nge2 dxe4 5. a3 Bxc3+ 6. Nxc3 Nc6 7. Bb5 Nge7 8. 0-0 a6 9. Bxc6+ Nxc6 10. Be3 0-0 11. Nxe4 f5 12. Nc3 f4 13. d5 exd5 14. Bc5 Rf5 15. f3 d4 16. Ne4 Rh5 17. Qe1 Bf5 18. Bb4 Nxb4 19. axb4 Bg6 20. Nc5 b6 21. Nd3 Qf6 22. Qd2 Bxd3 23. Qxd3 b5 24. Qe4 Rd8 25. Rfe1 Rh6 26. h3 Qd6 27. Ra3 Qxb4 28. Rb3 Qd6 29. Ra3 Rg6 30. Raa1 c5 31. Qb7 d3 32. cxd3 Qd4+ 33. Kh2 Qxb2 34. Rg1 Qf6 35. Qc7 Qd6 36. Qb7 Qc6 37. Qe7 Qd6 1/2-1/2